[Event "BL 2324 (Women)"]
[Site "Germany"]
[Date "2023.10.15"]
[Round "2.2"]
[White "Lubbe, Melanie"]
[Black "Lach, Aleksandra"]
[Result "0-1"]
[WhiteElo "2273"]
[BlackElo "2238"]
[PlyCount "122"]
[EventDate "2023.10.14"]
[EventType "team-tourn"]
[EventRounds "11"]
[EventCountry "GER"]
[SourceTitle "CB48_2023"]
[SourceDate "2023.11.29"]
[SourceVersion "1"]
[SourceVersionDate "2023.11.29"]
[SourceQuality "1"]
[WhiteTeam "Hamburger SK (W)"]
[BlackTeam "Harksheide (W)"]
[WhiteTeamCountry "GER"]
[BlackTeamCountry "GER"]

1. e4 c5 2. Nf3 d6 3. d4 cxd4 4. Nxd4 Nf6 5. Nc3 g6 6. Be2 Bg7 7. 0-0 0-0 8. Bg5 Nc6 9. Nb3 a6 10. Re1 h6 11. Bh4 b5 12. Bf1 Bd7 13. a4 b4 14. Nd5 Nxd5 15. exd5 Ne5 16. Qd2 g5 17. Bg3 Ng6 18. Qxb4 Bxb2 19. Ra2 Bg7 20. Nd4 Qc8 21. c3 a5 22. Qb3 Rb8 23. Bb5 Qc5 24. Qa3 Bxd4 25. Qxc5 Bxc5 26. Bxd7 Rb3 27. Rc2 f5 28. h3 f4 29. Bh2 Ne5 30. Bb5 Rc8 31. Rd1 Ba7 32. Rdc1 Bc5 33. Rd1 Rf8 34. Kf1 g4 35. hxg4 Nxg4 36. Bg1 f3 37. gxf3 Rxf3 38. Rd3 Ne5 39. Rxf3 Nxf3 40. Rc1 Ba3 41. Rd1 Rxc3 42. Ke2 Bc5 43. Bd7 Kf7 44. Bg4 Ne5 45. Bh5+ Kf6 46. Bh2 Rc2+ 47. Rd2 Rxd2+ 48. Kxd2 Nc4+ 49. Ke2 Nb6 50. Bf4 Nxa4 51. Bxh6 Nc3+ 52. Kd3 Nxd5 53. Ke4 Nb4 54. f4 d5+ 55. Kf3 a4 56. Bg5+ Kf5 57. Bg4+ Kg6 58. Bh4 a3 59. f5+ Kf7 60. Bh5+ Kg7 61. Be1 d4 0-1

[Event "World-chT Rapid"]
[Site "Dusseldorf"]
[Date "2023.08.26"]
[Round "2.3"]
[White "Lubbe, Melanie"]
[Black "Lagno, Kateryna"]
[Result "1/2-1/2"]
[WhiteElo "2256"]
[BlackElo "2552"]
[PlyCount "89"]
[EventDate "2023.08.26"]
[EventType "team-swiss (rapid)"]
[EventRounds "12"]
[EventCountry "GER"]
[SourceTitle "CBM 215 Extra"]
[Source "ChessBase"]
[SourceDate "2023.09.30"]
[SourceVersion "1"]
[SourceVersionDate "2023.09.30"]
[SourceQuality "1"]
[WhiteTeam "Team Chessemy.com"]
[BlackTeam "Linz AlphaEchecs"]
[WhiteTeamCountry "GER"]
[BlackTeamCountry "AUT"]

1. e4 e5 2. Bc4 Nc6 3. Nf3 Nf6 4. d3 d5 5. exd5 Nxd5 6. 0-0 Nb6 7. Bb3 Bg4 8. Re1 Qe7 9. h3 Bh5 10. Nbd2 0-0-0 11. a4 a5 12. Qe2 f6 13. c3 g5 14. Ne4 Nd5 15. Ng3 Bf7 16. Bc2 Nf4 17. Bxf4 gxf4 18. Nf5 Qd7 19. d4 Bg6 20. dxe5 Bxf5 21. e6 Qd5 22. Rad1 Qc5 23. Rxd8+ Kxd8 24. Bxf5 Qxf5 25. Nd4 Nxd4 26. e7+ Bxe7 27. Qxe7+ Kc8 28. cxd4 Rd8 29. Rc1 c6 30. Rc5 Qd7 31. Qxf6 Qxd4 32. Qf5+ Kb8 33. Rxa5 Rd5 34. Qf8+ Rd8 35. Qf5 Rd5 36. Rxd5 cxd5 37. Qxh7 Qd1+ 38. Kh2 d4 39. Qg8+ Ka7 40. Qd5 d3 41. Qd4+ Ka8 42. Qd8+ Ka7 43. Qa5+ Kb8 44. Qd8+ Ka7 45. Qa5+ 1/2-1/2

[Event "Andorra op 39th"]
[Site "Escaldes"]
[Date "2023.07.27"]
[Round "6"]
[White "Lubbe, Melanie"]
[Black "Palomo Teruel, Xavier"]
[Result "1/2-1/2"]
[WhiteElo "2256"]
[BlackElo "2096"]
[PlyCount "124"]
[EventDate "2023.07.22"]
[EventType "swiss"]
[EventRounds "9"]
[EventCountry "AND"]
[SourceTitle "CBM 215 Extra"]
[Source "ChessBase"]
[SourceDate "2023.09.30"]
[SourceVersion "1"]
[SourceVersionDate "2023.09.30"]
[SourceQuality "1"]

1. e4 e5 2. Nf3 Nc6 3. Bc4 Bc5 4. 0-0 Nf6 5. d3 0-0 6. c3 d5 7. exd5 Nxd5 8. b4 Be7 9. b5 Na5 10. Nxe5 Nxc4 11. Nxc4 Bf6 12. d4 a6 13. bxa6 b5 14. Ncd2 Rxa6 15. Ne4 Be7 16. Qd3 f5 17. Nc5 Bxc5 18. dxc5 Rg6 19. Rd1 Bb7 20. f3 Qh4 21. a4 bxa4 22. Ra2 Bc6 23. Na3 Nf4 24. Bxf4 Qxf4 25. Qc4+ Qxc4 26. Nxc4 Bxf3 27. Rd7 Re8 28. Rad2 Be4 29. Rxc7 Rb8 30. Nb6 h6 31. Ra7 Bc6 32. Kf1 f4 33. c4 Re6 34. Nd5 Kf8 35. Kf2 Re4 36. Nb6 Re7 37. Rxe7 Kxe7 38. Ra2 Ke6 39. Nxa4 Ra8 40. Re2+ Kf6 41. Nb2 Rd8 42. Ke1 g5 43. g3 Rd4 44. Rd2 Rxd2 45. Kxd2 Ke5 46. Nd3+ Kd4 47. gxf4 gxf4 48. Nxf4 Kxc4 49. Nd3 Kd4 50. h4 Be8 51. Nf2 Kxc5 52. Ke3 Kd6 53. Ng4 h5 54. Nf6 Ke7 55. Ne4 Bg6 56. Ng3 Ke6 57. Kf4 Kf6 58. Ne2 Be8 59. Nc3 Bc6 60. Ne2 Be8 61. Nd4 Bd7 62. Ne2 Be8 1/2-1/2

[Event "BL 2223 (Women)"]
[Site "Germany"]
[Date "2022.11.12"]
[Round "3.2"]
[White "Lubbe, Melanie"]
[Black "Cosma, Elena Luminita"]
[Result "1/2-1/2"]
[WhiteElo "2320"]
[BlackElo "2243"]
[PlyCount "99"]
[EventDate "2022.10.15"]
[EventType "team-tourn"]
[EventRounds "11"]
[EventCountry "GER"]
[SourceTitle "EXT 2024"]
[Source "ChessBase"]
[SourceDate "2023.10.10"]
[SourceVersion "1"]
[SourceVersionDate "2023.10.10"]
[SourceQuality "1"]
[WhiteTeam "Rodewisch (W)"]
[BlackTeam "Hemer (W)"]
[WhiteTeamCountry "GER"]
[BlackTeamCountry "GER"]

1. e4 e6 2. d4 d5 3. Nc3 Nf6 4. e5 Nfd7 5. f4 c5 6. Nf3 Nc6 7. Be3 cxd4 8. Nxd4 Qb6 9. Qd2 Qxb2 10. Rb1 Qa3 11. Bb5 Nxd4 12. Bxd4 a6 13. Bxd7+ Bxd7 14. Rb3 Qe7 15. Rxb7 Qd8 16. 0-0 Qc8 17. Rb3 Bc5 18. f5 Bxd4+ 19. Qxd4 Qc4 20. Qd2 Qc8 21. Kh1 exf5 22. Nxd5 Be6 23. Rd3 Bxd5 24. Rxd5 Qc4 25. Rxf5 0-0 26. c3 Rab8 27. h3 Rb1+ 28. Kh2 Rb2 29. Qxb2 Qxd5 30. Qe2 Re8 31. c4 Qe6 32. Rf3 Qxe5+ 33. Qxe5 Rxe5 34. Ra3 Re6 35. Kg3 Kf8 36. Kf3 Ke7 37. Rb3 Rc6 38. Rb4 Kd6 39. Ke3 Kc5 40. Rb7 Rg6 41. Rc7+ Kb6 42. Rxf7 Rxg2 43. Kd4 Rg3 44. h4 Rh3 45. Rxg7 Rxh4+ 46. Kd5 Rh5+ 47. Kd6 Rh6+ 48. Kd5 Rh5+ 49. Kd6 Rh6+ 50. Kd5 1/2-1/2

[Event "BL2-West 2122"]
[Site "Germany"]
[Date "2022.05.15"]
[Round "6.2"]
[White "Womacka, Mathias"]
[Black "Lubbe, Melanie"]
[Result "1/2-1/2"]
[WhiteElo "2423"]
[BlackElo "2308"]
[PlyCount "83"]
[EventDate "2022.03.05"]
[EventType "team-tourn"]
[EventRounds "10"]
[EventCountry "GER"]
[SourceTitle "EXT 2023"]
[Source "ChessBase"]
[SourceDate "2022.10.05"]
[SourceVersion "1"]
[SourceVersionDate "2022.10.05"]
[SourceQuality "1"]
[WhiteTeam "Hofheim"]
[BlackTeam "Neuberg"]
[WhiteTeamCountry "GER"]
[BlackTeamCountry "GER"]

1. e4 c5 2. Nf3 d6 3. d4 cxd4 4. Nxd4 Nf6 5. Nc3 Nc6 6. Be2 e5 7. Nf3 h6 8. 0-0 Be7 9. Re1 0-0 10. h3 Be6 11. Bf1 Qa5 12. Bd2 Qd8 13. Na4 d5 14. exd5 Qxd5 15. c4 Qd6 16. Bc3 Qxd1 17. Raxd1 Nd7 18. Nxe5 Ndxe5 19. Bxe5 Nxe5 20. Rxe5 Rfd8 21. Rxd8+ Rxd8 22. Nc5 Bxc5 23. Rxc5 Rd2 24. Rb5 b6 25. g4 Rd1 26. b3 Ra1 27. a4 Kf8 28. f4 Bd7 29. Rd5 Bc6 30. Rd3 Be4 31. Rc3 Rb1 32. Kf2 Rb2+ 33. Ke3 Bc2 34. b4 Bxa4 35. b5 Ke7 36. g5 Ra2 37. c5 bxc5 38. Rxc5 Bb3 39. h4 Rc2 40. Rxc2 Bxc2 41. Bc4 f6 42. gxh6 1/2-1/2

[Event "German Masters (Women)"]
[Site "Darmstadt"]
[Date "2022.04.29"]
[Round "8"]
[White "Schneider, Jana"]
[Black "Lubbe, Melanie"]
[Result "1-0"]
[WhiteElo "2263"]
[BlackElo "2308"]
[PlyCount "77"]
[EventDate "2022.04.22"]
[EventType "tourn"]
[EventRounds "9"]
[EventCountry "GER"]
[EventCategory "2"]
[SourceTitle "CBM 208 Extra"]
[Source "ChessBase"]
[SourceDate "2022.07.31"]
[SourceVersion "1"]
[SourceVersionDate "2022.07.31"]
[SourceQuality "1"]

1. e4 c5 2. Nf3 d6 3. d4 cxd4 4. Nxd4 Nf6 5. Nc3 Nc6 6. Bc4 Qb6 7. Nxc6 bxc6 8. Qe2 e5 9. b3 Be7 10. Bb2 0-0 11. 0-0-0 Be6 12. Bxe6 fxe6 13. Na4 Qb4 14. Rhe1 Rf7 15. Kb1 Nd7 16. f3 Qb7 17. Rf1 Nb6 18. Nc3 a5 19. a4 Nd7 20. g3 Raf8 21. Na2 Qb6 22. Nc1 c5 23. Qc4 Kh8 24. Qxe6 Qd8 25. f4 exf4 26. gxf4 Rxf4 27. Rg1 Rg8 28. Ne2 Rf2 29. Ng3 Nf8 30. Qd5 Ng6 31. Nf5 Bf6 32. Nxd6 Bxb2 33. Nf7+ Rxf7 34. Qxd8 Bd4 35. Qd5 Rgf8 36. Rxd4 cxd4 37. Qxd4 Nf4 38. Rf1 Kg8 39. Qc4 1-0

[Event "German Masters (Women)"]
[Site "Darmstadt"]
[Date "2022.04.25"]
[Round "4"]
[White "Hoolt, Sarah"]
[Black "Lubbe, Melanie"]
[Result "1/2-1/2"]
[WhiteElo "2305"]
[BlackElo "2308"]
[PlyCount "123"]
[EventDate "2022.04.22"]
[EventType "tourn"]
[EventRounds "9"]
[EventCountry "GER"]
[EventCategory "2"]
[SourceTitle "CBM 208 Extra"]
[Source "ChessBase"]
[SourceDate "2022.07.31"]
[SourceVersion "1"]
[SourceVersionDate "2022.07.31"]
[SourceQuality "1"]

1. e4 c5 2. Nc3 Nc6 3. Bb5 Nd4 4. Nf3 e6 5. 0-0 a6 6. Bd3 Nc6 7. Re1 d6 8. b3 Nf6 9. Bb2 Qc7 10. a4 Be7 11. Nb1 e5 12. Na3 0-0 13. Bc4 Bg4 14. h3 Bh5 15. c3 Rad8 16. d4 exd4 17. cxd4 Nxd4 18. g4 Nxf3+ 19. Qxf3 Bg6 20. Rad1 Nd7 21. Qg3 Bf6 22. Bc1 Nb6 23. f4 Bxe4 24. Bxf7+ Qxf7 25. Rxe4 Nd5 26. Bd2 Rfe8 27. Rde1 Bd4+ 28. Kg2 Rxe4 29. Rxe4 Nf6 30. Re1 d5 31. Nc2 Ne4 32. Qd3 Bf6 33. Ba5 Rd7 34. Ne3 Bh4 35. Rf1 Qe6 36. g5 h6 37. gxh6 Qxh6 38. Ng4 Qe6 39. Ne5 b6 40. Nxd7 Qg6+ 41. Kf3 Qh5+ 42. Ke3 bxa5 43. Ne5 Nc3 44. Kd2 d4 45. Rf3 Bg3 46. Qf1 Qf5 47. Nd3 Bh4 48. Kc2 Bf6 49. Qg2 Nd5 50. Qe2 Ne3+ 51. Kc1 Qd5 52. Rxe3 dxe3 53. Qxe3 c4 54. bxc4 Qxc4+ 55. Kd2 Qa2+ 56. Ke1 Qa1+ 57. Ke2 Qa2+ 58. Kf3 Qxa4 59. Qe6+ Kh7 60. Qf5+ Kg8 61. Qe6+ Kf8 62. Ne5 1/2-1/2

[Event "German Masters (Women)"]
[Site "Darmstadt"]
[Date "2022.04.24"]
[Round "3"]
[White "Klek, Hanna Marie"]
[Black "Lubbe, Melanie"]
[Result "1/2-1/2"]
[WhiteElo "2364"]
[BlackElo "2308"]
[PlyCount "115"]
[EventDate "2022.04.22"]
[EventType "tourn"]
[EventRounds "9"]
[EventCountry "GER"]
[EventCategory "2"]
[SourceTitle "CBM 208 Extra"]
[Source "ChessBase"]
[SourceDate "2022.07.31"]
[SourceVersion "1"]
[SourceVersionDate "2022.07.31"]
[SourceQuality "1"]

1. d4 Nf6 2. c4 e6 3. Nc3 c5 4. d5 exd5 5. cxd5 d6 6. e4 g6 7. Nf3 a6 8. a4 Bg4 9. a5 Nbd7 10. Be2 Bxf3 11. Bxf3 c4 12. Be2 Rc8 13. 0-0 Bg7 14. Bf4 Qe7 15. Ra4 0-0 16. Bxc4 b5 17. axb6 Nxb6 18. Bxa6 Nxa4 19. Qxa4 Ra8 20. Qc6 Rfd8 21. Bd3 Ng4 22. Nb5 Be5 23. Qc1 Rac8 24. Qd2 Bxf4 25. Qxf4 Ne5 26. Qe3 Qb7 27. Be2 Nc4 28. Bxc4 Rxc4 29. b3 Rb4 30. Nd4 Re8 31. Rd1 Qb6 32. g4 Qc7 33. h3 Qc5 34. Kg2 Qc7 35. Kh2 Qc5 36. h4 Qc8 37. Kg3 Qc7 38. Rd3 Kg7 39. h5 Kg8 40. h6 Rb7 41. Nc6 f6 42. b4 Qb6 43. Qxb6 Rxb6 44. Ra3 Rb7 45. f4 Kf7 46. Kf3 g5 47. f5 Rc8 48. Ke3 Ke8 49. Kd3 Kd7 50. Ra6 Kc7 51. Kc3 Kd7 52. Kc4 Re8 53. Kd4 Kc7 54. Kd3 Rb6 55. Ra7+ Rb7 56. Ra6 Rb6 57. Ra7+ Rb7 58. Ra6 1/2-1/2

[Event "German Masters (Women)"]
[Site "Darmstadt"]
[Date "2022.04.23"]
[Round "2"]
[White "Lubbe, Melanie"]
[Black "Wagner, Dinara"]
[Result "1/2-1/2"]
[WhiteElo "2308"]
[BlackElo "2321"]
[PlyCount "47"]
[EventDate "2022.04.22"]
[EventType "tourn"]
[EventRounds "9"]
[EventCountry "GER"]
[EventCategory "2"]
[SourceTitle "CBM 208 Extra"]
[Source "ChessBase"]
[SourceDate "2022.07.31"]
[SourceVersion "1"]
[SourceVersionDate "2022.07.31"]
[SourceQuality "1"]

1. e4 c5 2. Nf3 d6 3. d4 cxd4 4. Nxd4 Nf6 5. Nc3 a6 6. Bd3 e5 7. Nde2 Nc6 8. 0-0 Be6 9. Ng3 Be7 10. a3 Rc8 11. Nd5 Nxd5 12. exd5 Bxd5 13. Bf5 Be6 14. Bxe6 fxe6 15. Qg4 g6 16. Qxe6 Nd4 17. Qd5 Nxc2 18. Rb1 Qd7 19. Bh6 Qc6 20. Qd3 Qc4 21. Qf3 Qc6 22. Qd3 Qc4 23. Qf3 Qc6 24. Qd3 1/2-1/2

[Event "Reinstorf Blitz op"]
[Site "Reinstorf"]
[Date "2022.02.04"]
[Round "5"]
[White "Lubbe, Melanie"]
[Black "Redzisz, Michal"]
[Result "0-1"]
[WhiteElo "2297"]
[BlackElo "2210"]
[PlyCount "67"]
[EventDate "2022.01.29"]
[EventType "swiss (blitz)"]
[EventRounds "9"]
[EventCountry "GER"]
[SourceTitle "CBM 206 Extra"]
[Source "ChessBase"]
[SourceDate "2022.03.31"]
[SourceVersion "1"]
[SourceVersionDate "2022.03.31"]
[SourceQuality "1"]

1. e4 c5 2. Nf3 e6 3. d4 cxd4 4. Nxd4 Nc6 5. Nc3 Qc7 6. Be3 a6 7. Bd3 Nf6 8. 0-0 b5 9. Nxc6 Qxc6 10. a3 Bb7 11. f3 Bc5 12. Qd2 0-0 13. e5 Nd5 14. Bf2 Bxf2+ 15. Rxf2 Nxc3 16. bxc3 Rac8 17. Qg5 Qxc3 18. Rd1 f5 19. exf6 Qxf6 20. Qg3 Bd5 21. Re2 Rc3 22. Qd6 Bc6 23. Qb4 Ra8 24. Re3 Kh8 25. Qg4 Rc5 26. Qh3 g6 27. Rde1 Rh5 28. Qg3 Rf8 29. Qd6 Rd5 30. Qg3 Rg5 31. Qd6 Bxf3 32. Rxf3 Rxg2+ 33. Kh1 Qxf3 34. Qd4+ 0-1

[Event "Reinstorf op"]
[Site "Reinstorf"]
[Date "2022.02.04"]
[Round "7"]
[White "Lubbe, Melanie"]
[Black "Redzisz, Michal"]
[Result "1-0"]
[WhiteElo "2297"]
[BlackElo "2213"]
[PlyCount "51"]
[EventDate "2022.01.29"]
[EventType "swiss"]
[EventRounds "9"]
[EventCountry "GER"]
[SourceTitle "CBM 206 Extra"]
[Source "ChessBase"]
[SourceDate "2022.03.31"]
[SourceVersion "1"]
[SourceVersionDate "2022.03.31"]
[SourceQuality "1"]

1. e4 c5 2. f4 Nc6 3. Nf3 g6 4. Bb5 Bg7 5. 0-0 Nd4 6. Nxd4 cxd4 7. Qf3 Qb6 8. Na3 a6 9. Bd3 d6 10. Nc4 Qc6 11. a4 b5 12. axb5 axb5 13. Na5 Qb6 14. b4 Rb8 15. Bb2 Nh6 16. Nb3 e5 17. Ra5 Bd7 18. fxe5 Bxe5 19. h3 f5 20. exf5 Nxf5 21. g4 Ng3 22. Re1 Kd8 23. Rxe5 dxe5 24. Qxg3 Qd6 25. Bxd4 Qxb4 26. Qxe5 1-0

[Event "Reinstorf op"]
[Site "Reinstorf"]
[Date "2022.01.30"]
[Round "2"]
[White "Labruyere, Roger"]
[Black "Lubbe, Melanie"]
[Result "1/2-1/2"]
[WhiteElo "2024"]
[BlackElo "2297"]
[PlyCount "70"]
[EventDate "2022.01.29"]
[EventType "swiss"]
[EventRounds "9"]
[EventCountry "GER"]
[SourceTitle "CBM 206 Extra"]
[Source "ChessBase"]
[SourceDate "2022.03.31"]
[SourceVersion "1"]
[SourceVersionDate "2022.03.31"]
[SourceQuality "1"]

1. e4 c5 2. Nf3 d6 3. Bb5+ Bd7 4. Bxd7+ Qxd7 5. c4 g6 6. Nc3 Bg7 7. d4 cxd4 8. Nxd4 Nc6 9. Be3 Nf6 10. f3 0-0 11. b3 Ne8 12. Rc1 Nc7 13. 0-0 f5 14. Nd5 Nxd4 15. Bxd4 Bh6 16. Rc2 fxe4 17. Bb2 e3 18. Re1 Nxd5 19. Qxd5+ Rf7 20. Bc1 Qf5 21. Qxf5 Rxf5 22. Bxe3 Re5 23. Kf2 Bxe3+ 24. Rxe3 Rxe3 25. Kxe3 Kf7 26. Ke4 a5 27. a3 Rc8 28. g4 g5 29. Kd4 Ke6 30. h4 Rf8 31. Ke3 a4 32. hxg5 axb3 33. Rb2 Rc8 34. Kd4 Rf8 35. Ke4 Rc8 1/2-1/2